Поиск инженерных решений при защите от естественных источников радиации; Неразрушающий контроль; Т. 2

Detalles Bibliográficos
Parent link:Неразрушающий контроль: сборник научных трудов II Всероссийской научно-практической конференции студентов, аспирантов и молодых ученых, г. Томск, 2012 г./ Национальный исследовательский Томский политехнический университет (ТПУ).— , 2012-
Т. 2.— 2012.— С. 177-178
Autor principal: Абраменко Н. С.
Autores Corporativos: Национальный исследовательский Томский политехнический университет (ТПУ) Юргинский технологический институт (филиал) (ЮТИ) Кафедра естественного научного образования (ЕНО), Национальный исследовательский Томский политехнический университет (ТПУ) Юргинский технологический институт (филиал) (ЮТИ) Кафедра безопасности жизнедеятельности, экологии и физического воспитания (БЖДЭФВ)
Otros Autores: Орлова К. Н. Ксения Николаевна
Lenguaje:ruso
Publicado: 2012
Colección:Экология и техносферная безопасность
Materias:
Formato: MixedMaterials Capítulo de libro
KOHA link:https://koha.lib.tpu.ru/cgi-bin/koha/opac-detail.pl?biblionumber=292050

MARC

LEADER 00000naa2a2200000 4500
001 292050
005 20260119160804.0
035 |a (RuTPU)RU\TPU\book\316663 
035 |a RU\TPU\tpu\27085 
090 |a 292050 
100 |a 20150420d2012 k y0rusy50 ca 
101 0 |a rus 
102 |a RU 
200 1 |a Поиск инженерных решений при защите от естественных источников радиации  |f Н. С. Абраменко, К. Н. Орлова 
225 1 |a Экология и техносферная безопасность 
320 |a Библиогр.: с. 178 (4 назв.) 
461 1 |0 (RuTPU)RU\TPU\book\270767  |t Неразрушающий контроль  |o сборник научных трудов II Всероссийской научно-практической конференции студентов, аспирантов и молодых ученых, г. Томск, 2012 г.  |o в 2 т.  |f Национальный исследовательский Томский политехнический университет (ТПУ)  |d 2012- 
463 1 |0 (RuTPU)RU\TPU\book\269412  |t Т. 2  |v С. 177-178  |d 2012 
610 1 |a труды учёных ТПУ 
610 1 |a гамма-излучения 
610 1 |a экранирование 
610 1 |a облачность 
610 1 |a радиация 
610 1 |a естественные источники 
610 1 |a защита 
610 1 |a инженерные решения 
700 1 |a Абраменко  |b Н. С. 
701 1 |a Орлова  |b К. Н.  |c физик  |c доцент Юргинского технологического института (филиала) Томского политехнического университета, кандидат технических наук  |f 1985-  |g Ксения Николаевна  |3 (RuTPU)RU\TPU\pers\28212  |9 13166 
712 0 2 |a Национальный исследовательский Томский политехнический университет (ТПУ)  |b Юргинский технологический институт (филиал) (ЮТИ)  |b Кафедра естественного научного образования (ЕНО)  |3 (RuTPU)RU\TPU\col\18894 
712 0 2 |a Национальный исследовательский Томский политехнический университет (ТПУ)  |b Юргинский технологический институт (филиал) (ЮТИ)  |b Кафедра безопасности жизнедеятельности, экологии и физического воспитания (БЖДЭФВ)  |3 (RuTPU)RU\TPU\col\18930 
801 2 |a RU  |b 63413507  |c 20150420  |g RCR 
942 |c BK